| 000 | 01419nam a22002777a 4500 | ||
|---|---|---|---|
| 001 | EPSA 0311 | ||
| 003 | gtcocun | ||
| 005 | 20250902174724.0 | ||
| 006 | a||||gr|||| 00| 0 | ||
| 007 | ta | ||
| 008 | 250902b2025 gt ||||| m||| 00| 0 eng d | ||
| 040 |
_agtcocun _bSPA _cgtcocun _eRDA |
||
| 041 | _aSPA EPSA 0311 | ||
| 084 | _0EPSA 0311 | ||
| 100 |
_aMorales Bran, Saúl Roberto _eAutor |
||
| 245 |
_aINFORME FINAL DEL EJERCICIO PROFESIONAL SUPERVISADO REALIZADO EN EL HOTEL Y RESTAURANTE CASA KIRVÁ, UBICADO EN EL MUNICIPIO DE COBÁN, ALTA VERAPAZ/ _cSaúl Roberto Morales Bran _hImpreso |
||
| 264 |
_aCobán, Alta Verapaz: _bUniversidad de San Carlos de Guatemala, Centro Universitario del Norte, Licenciatura en Administración de Empresas _c2025 |
||
| 300 |
_a92 p.: _bIlustraciones, gráficas. _c28 cm; |
||
| 502 | _eEPSA 0311 | ||
| 502 |
_aEjercicio Profesional Supervisado _bLicenciatura en Administración de Empresas, _cUniversidad de San Carlos de Guatemala, Centro Universitario del Norte, Licenciatura en Administración de Empresas _d2025 _oEPSA 0311 |
||
| 650 |
_2LEMB _aCobán, Alta Verapaz _xAdministración _xDiagnóstico _xPlanificación _xMarketing _xTalento humano _xProcedimientos |
||
| 700 |
_aLcda. Jessica Marbella Yalibat López _eAsesor |
||
| 856 |
_uSin archivo en línea _zSin archivo en línea |
||
| 942 |
_2ddc _cTES _iEPSA 0311 _kClasificación _n0 _6EPSA_0311_000000000000000 |
||
| 999 |
_c1596 _d1596 |
||